Overview of Open Source Software for Digital Libraries [electronic resource : presentation] (Record no. 203917)

MARC details
000 -LEADER
fixed length control field 00769nam a2200145Ia 4500
008 - FIXED-LENGTH DATA ELEMENTS--GENERAL INFORMATION
fixed length control field 231221s9999 xx 000 0 und d
041 ## - LANGUAGE CODE
Language code of text/sound track or separate title English
100 ## - MAIN ENTRY--PERSONAL NAME
Personal name Madalli, Devika P.
245 #0 - TITLE STATEMENT
Title Overview of Open Source Software for Digital Libraries [electronic resource : presentation]
260 ## - PUBLICATION, DISTRIBUTION, ETC.
Date of publication, distribution, etc. 2005
Name of publisher, distributor, etc. DELNET/PESIT
Place of publication, distribution, etc. Bangalore
510 ## - CITATION/REFERENCES NOTE
Name of source Presentation given during the National Convention on Library and Information Newtorking (NACIN 2005) held at PES Institute of Technology Bangalore August 22-25, 2005 on ' Strategies for Managing Knowledge Resoruces : Promoting Research, Education and Skills'
650 ## - SUBJECT ADDED ENTRY--TOPICAL TERM
Topical term or geographic name entry element Digital Library
650 ## - SUBJECT ADDED ENTRY--TOPICAL TERM
Topical term or geographic name entry element open source Karma and Forgivness On Healing Emotional Pain Karma and Forgivness healing, Emotional Pain
942 ## - ADDED ENTRY ELEMENTS (KOHA)
Koha item type Digital Library
Holdings
Date last seen Total checkouts Accession number Uniform resource identifier Price effective from Category Lost status Damaged status Department Withdrawn status Home library Current library Shelving location Entry date Grants Billdate Currency symbol Conversion rate Discount Old discount
26/01/2024   DL27 digital/articles/lib/dl27.ppt 26/01/2024 Digital Library     Central Library   Central Library Central Library Central Library   LIB 16/11/2009 RS 1    

© For any Suggestions or Query, please contact the library staff @ librarian@pes.edu or Phone: +9180 2672 1983/ 2108.